| 000 | 00538nam a2200181Ia 4500 | ||
|---|---|---|---|
| 003 | GCL | ||
| 008 | 140319s9999 xx 000 0 ara d | ||
| 040 |
_aGCL / _cGCL |
||
| 082 | 0 | 4 |
_a320.1 _bع ش |
| 100 | 1 | _aعمر احمد قدور | |
| 245 | 1 | 0 |
_aشكل الدولة واثرة فى تنظيم مرفق الامن / _cعمر احمد قدور |
| 300 | _a430 ص | ||
| 490 | _a | ||
| 650 | 0 | 4 | _aالدولة |
| 650 | 0 | 4 | _aالدولة، علاقتها بالافراد |
| 650 | 0 | 4 | _aالقانون والسياسة |
| 942 |
_2ddc _cBK |
||
| 999 |
_c48240 _d48240 |
||